Apresentadores de programas e telejornais da Rede Globo - Statistics

Estatísticas Gerais
  • Esse quiz foi jogado 149 vezes
    121 desde o último reset
  • A pontuação média é 19 de 34
Estatísticas das Respostas
Programa Apresentador(a) % Correto
Mais Você Ana Maria Braga
91%
Encontro Fátima Bernardes
89%
Domingão Luciano Huck
86%
Caldeirão Marcos Mion
83%
Jornal Nacional William Bonner
83%
The Masked Singer Brasil Ivete Sangalo
77%
Conversa Pedro Bial
77%
Big Brother Brasil/The Voice Brasil Tiago Leifert
77%
Altas Horas Serginho Groisman
76%
É de Casa Patrícia Poeta
71%
É de Casa/No Limite/The Voice + André Marques
67%
Fantástico Tadeu Schmidt
66%
Zig Zag Arena Fernanda Gentil
65%
Jornal Nacional Renata Vasconcelos
63%
Profissão Repórter Caco Barcellos
59%
Globo Repórter Glória Maria
59%
Tamanho Família/The Voice Kids Márcio Garcia
59%
Globo Esporte (RJ/Rede) Alex Escobar
56%
Fantástico Poliana Abritta
54%
Bom Dia Brasil Chico Pinheiro
50%
Jornal da Globo Renata Lo Prete
50%
Globo Repórter/Como Será? Sandra Annenberg
50%
Jornal Hoje Maria Júlia Coutinho
49%
Globo Esporte (SP) Felipe Andreoli
45%
Esporte Espetacular/Segue o Jogo Lucas Gutierrez
45%
É de Casa Ana Furtado
43%
É de Casa Cissa Guimarães
41%
Bom Dia Brasil Ana Paula Araújo
40%
Esporte Espetacular Bárbara Coelho
35%
Hora Um Roberto Kovalick
29%
Globo Rural Nélson Araújo
19%
Globo Rural Helen Martins
18%
Pequenas Empresas & Grandes Negócios Lilian Fernandes
13%
É de Casa Ricardo Pereira
11%
Nenhum quiz correspondente encontrado
Distribuição das Pontuações
Porcentagem de Pessoas com Cada Pontuação
Percentil de Números Respondidos
Sua Pontuação Histórica
Você não jogou esse quiz desde o último reset